000 00783nam a2200253Ia 4500
003 OSt
005 20220918171037.0
006 a|||||r|||| 00| 0
007 ta
008 220917b |||||||| |||| 00| 0 eng d
020 _a9781138191235 (hbk)
_c895
024 _a286,799
037 _b125, 04/12/2015, Classic Book Service
_cTextual
040 _aARTS
_cARTS
_beng
041 _2eng
_aeng
082 _aT55(Q7).2, Q5
100 _aGupta Latika
_933498
245 0 _aEducation, poverty and gender
_b Schooling muslim girls in India
260 _aNew Delhi
_bRoutledge India
_c2015
300 _axix, 165p.
_ccm.
650 _aEDUCATION
942 _hT55(Q7).2, Q5
_cTEXL
_2CC
999 _c137502
_d137502